<?xml version="1.0" encoding="UTF-8"?>
<record
    xmlns:xsi="http://www.w3.org/2001/XMLSchema-instance"
    xsi:schemaLocation="http://www.loc.gov/MARC21/slim http://www.loc.gov/standards/marcxml/schema/MARC21slim.xsd"
    xmlns="http://www.loc.gov/MARC21/slim">

  <leader>00754nam a22002177a 4500</leader>
  <controlfield tag="005">20150505161549.0</controlfield>
  <controlfield tag="008">140714b        xxu||||| |||| 00| 0 Urdu d</controlfield>
  <datafield tag="010" ind1=" " ind2=" ">
    <subfield code="a">UR-8848</subfield>
  </datafield>
  <datafield tag="020" ind1=" " ind2=" ">
    <subfield code="c">1295.00</subfield>
    <subfield code="a">9788179760239</subfield>
  </datafield>
  <datafield tag="035" ind1=" " ind2=" ">
    <subfield code="a">U-7403</subfield>
  </datafield>
  <datafield tag="037" ind1=" " ind2=" ">
    <subfield code="b">BPPD/Pub/Ven</subfield>
  </datafield>
  <datafield tag="040" ind1=" " ind2=" ">
    <subfield code="a">DPL</subfield>
    <subfield code="b">Urdu</subfield>
  </datafield>
  <datafield tag="082" ind1=" " ind2=" ">
    <subfield code="a">841</subfield>
  </datafield>
  <datafield tag="100" ind1=" " ind2=" ">
    <subfield code="a">&#x639;&#x628;&#x62F; &#x627;&#x644;&#x62E;&#x627; &#x644;&#x642; &#x637;&#x627; &#x6C1;&#x631; &#x6CC;</subfield>
  </datafield>
  <datafield tag="245" ind1=" " ind2=" ">
    <subfield code="a">&#x645;&#x62E;&#x632; &#x646; &#x639;&#x644;&#x645; &#x648; &#x639;&#x631; &#x641;&#x627; &#x646; &#x6A9;&#x644;&#x627; &#x645; &#x634;&#x64A;&#x62E; &#x627; &#x644;&#x639;&#x627; &#x644;&#x645;</subfield>
    <subfield code="c">&#x639;&#x628;&#x62F; &#x627;&#x644;&#x62E;&#x627; &#x644;&#x642; &#x637;&#x627; &#x6C1;&#x631; &#x6CC;</subfield>
  </datafield>
  <datafield tag="246" ind1=" " ind2=" ">
    <subfield code="a">Makhzan-e-Ilm wa Irfan: Kalam Sheikh-ul-Aalam</subfield>
    <subfield code="b">byAbdul Khaliqe Tahiri</subfield>
  </datafield>
  <datafield tag="260" ind1=" " ind2=" ">
    <subfield code="b">City Book Center</subfield>
    <subfield code="c">2011</subfield>
    <subfield code="a">Kashmir</subfield>
  </datafield>
  <datafield tag="270" ind1=" " ind2=" ">
    <subfield code="a">Budh Shah Chowk, </subfield>
    <subfield code="b">Sri Nagar</subfield>
    <subfield code="k">2470158</subfield>
    <subfield code="e">  -</subfield>
  </datafield>
  <datafield tag="300" ind1=" " ind2=" ">
    <subfield code="a">400&#x635;</subfield>
    <subfield code="c">22Cm (Hb)</subfield>
  </datafield>
  <datafield tag="942" ind1=" " ind2=" ">
    <subfield code="2">ddc</subfield>
    <subfield code="c">UR</subfield>
    <subfield code="e"> </subfield>
    <subfield code="h">841</subfield>
    <subfield code="m">&#x639; &#x628; &#x62F;</subfield>
  </datafield>
  <datafield tag="999" ind1=" " ind2=" ">
    <subfield code="c">93327</subfield>
    <subfield code="d">93327</subfield>
  </datafield>
  <datafield tag="952" ind1=" " ind2=" ">
    <subfield code="0">0</subfield>
    <subfield code="1">0</subfield>
    <subfield code="2">ddc</subfield>
    <subfield code="4">0</subfield>
    <subfield code="7">1</subfield>
    <subfield code="8">NFIC</subfield>
    <subfield code="a">DBAD</subfield>
    <subfield code="b">DBAD</subfield>
    <subfield code="d">2015-05-05</subfield>
    <subfield code="e">DBAD/Pub.</subfield>
    <subfield code="g">1295.00</subfield>
    <subfield code="l">0</subfield>
    <subfield code="o">841 &#x639; &#x628; &#x62F;</subfield>
    <subfield code="p">U-7403</subfield>
    <subfield code="r">2015-05-05 00:00:00</subfield>
    <subfield code="t">100.00</subfield>
    <subfield code="v">1295.00</subfield>
    <subfield code="w">2015-05-05</subfield>
    <subfield code="y">UR</subfield>
  </datafield>
</record>
